| 000 | 00420cam a22001451 4500 | ||
|---|---|---|---|
| 082 |
_a621.381512 _bMID _cL-11, P-33. |
||
| 100 | 1 |
_aMiddleton, Herman Arnold. _942199 |
|
| 245 | 1 | 0 | _aReceiving tube substitution guide book. |
| 250 | _a1st ed. | ||
| 260 |
_aNew York, _bJ.F. Rider _c[c1950] |
||
| 300 |
_aiv, 215 p. _bdiagrs. _c28 cm. |
||
| 526 |
_a0 _b0 _c0 _d621_381512000000000_MID |
||
| 650 |
_aMCE _9379 |
||
| 942 |
_2ddc _cBK |
||
| 999 |
_c546128 _d546128 |
||